| 000 | 01144nam1a22003011i 4500 | ||
|---|---|---|---|
| 001 | RU\NLR\19V\602021 | ||
| 005 | 20260406165808.0 | ||
| 035 | _a(NLR Aleph) 010348783 | ||
| 090 |
_a10737064 _c10737064 |
||
| 100 | _a20070423g19051909|||y0rusy50 ca | ||
| 101 | 0 | _arus | |
| 102 | _aRU | ||
| 105 | _ay j ||||| | ||
| 200 | 1 |
_aИсторическая хрестоматия по истории русской словесности _eПрименительно к "Истории русской словесности" того же автора _fСост. В.В. Сиповский |
|
| 210 |
_aСанкт-Петербург _cбр. Башмаковы _d1905-1909 |
||
| 215 | _d23 | ||
| 700 | 1 |
_4220 _8rus _7ca _aСиповский _bВ. В. _f1872-1930 _gВасилий Васильевич _3RU\NLR\AUTH\7712399 _9122115 |
|
| 801 | 0 |
_aRU _bNLR _c20070423 _gpsbo |
|
| 801 | 1 |
_aRU _bNLR _c20070423 _2rusmarc |
|
| 801 | 2 |
_aRU _bNLR _c20070423 _2rusmarc |
|
| 852 |
_aNLR _j33-18/671 |
||
| 852 |
_aNLR _j+Шифры разные |
||
| 899 |
_aRuMoRGB _jA 277/141 |
||
| 899 | _aБАН | ||
| 899 | _aГПИБ | ||
| 899 | _aНБ МГУ | ||
| 942 | _cBOOK | ||